Loreto College Library, Kolkata
WEBOPAC (ONLINE PUBLIC ACCESS CATALOGUE)

Young Tagore (Record no. 39250)

MARC details
000 -LEADER
fixed length control field 00626nam a22002177a 4500
005 - DATE AND TIME OF LATEST TRANSACTION
control field 20230524132746.0
008 - FIXED-LENGTH DATA ELEMENTS--GENERAL INFORMATION
fixed length control field 140523b xxu||||| |||| 00| 0 eng d
020 ## - ISBN | অাই এস বি এন
ISBN | অাই এস বি এন 9780670086474
PRICE 499
040 ## - CATALOGING SOURCE
Original cataloging agency Loreto College
041 ## - LANGUAGE CODE
Language code English
082 ## - DDC | ডিউই
Classification number | বর্গসংখ্যা TAG 891.44
Book Number | গ্রন্থাঙ্ক TAG-KAK
100 ## - MAIN ENTRY--PERSONAL NAME | মুখ্য সংলেখ - ব্যাক্তিনাম
Personal name | ব্যাক্তিনাম Kakar, Sudhir
245 ## - TITLE STATEMENT | অাখ্যা বিবরণী
Title | অাখ্যা Young Tagore
Sub title | উপঅাখ্যা The making of a genius
Statement of responsibility | লেখকের দায়িত্বের বিবরণ Sudhir Kakar
260 ## - IMPRINT | প্রকাশনা ক্ষেত্র
Place of publication | প্রকাশ স্থান New Delhi
Name of publisher | প্রকাশকের নাম Penguin Group
Date of publication | প্রকাশ কাল 2013
300 ## - PHYSICAL DESCRIPTION |
Page / Vol. No | পৃষ্ঠা / খন্ড সংখ্যা x,238p
Other physical details | অনান্য বাহ্যিক বিবরণ 24 cm
504 ## - BIBLIOGRAPHY, ETC. NOTE
Bibliography, etc Includes bibliographical references and index
600 ## - SUBJECT ADDED ENTRY--PERSONAL NAME | বিষয় শিরোনাম - ব্যাক্তিনাম
Personal name | ব্যাক্তিনাম Tagore, Rabindranath
Dates of Birth / Death | জন্ম / মৃত্যু সন 1861-1941
Form subdivision | রুপগত বিভাগ Biography
650 ## - SUBJECT ADDED ENTRY--TOPICAL TERM | বিষয় শিরোনাম - মূল বিষয়
Topical term | মূল বিষয় Biography
850 ## - HOLDING INSTITUTION
Holding institution LCLIB
942 ## - ADDED ENTRY ELEMENTS (KOHA)
Koha item type Books
Holdings
Withdrawn status Lost status Source of classification Damaged status Not for loan Home library Current library Date acquired Price Total Checkouts Full call number Accession No. Date last seen Date checked out Price effective from Koha item type
    Dewey Decimal Classification     Loreto College Loreto College 23/05/2014 0.00 1 TAG 891.44 TAG-KAK 50605 42671 16/01/2017 16/01/2017 23/05/2014 Books